Ferrari Cars by Picture - Statistics

General Stats
  • This quiz has been taken 1,167 times
  • The average score is 5 of 7
Answer Stats
Picture Answer % Correct
LaFerrari
88%
488 GTB
80%
488 Spider
71%
812 Superfast
68%
F12tdf
61%
GTC4 Lusso
50%
Portofino
46%
No matching quizzes found
Score Distribution
Percent of People with Each Score
Percentile by Number Answered
Your Score History
You have not taken this quiz